000 01176cam a2200265 4500
001 ##L133960
008 060623n2006 000 0 eng u
020 _a1419515314
035 _a(Sirsi) u133960
041 0 _aeng
050 0 4 _a332.63240973 $2 18
100 1 _aKolbe, Phillip T.
245 0 0 _aInvestment analysis for real estate decisions
250 _a6th ed.
260 _aChicago
_bDearborn Real Estate Education
_c2006
300 _axxii, 504p.
_bill.
_c24cm.
_e1 CD-ROM
350 _a48
505 2 _aFundamental issues in real estate investment analysis -- Market research and cash-flow forecasting -- Using borrowed money -- Income tax considerations -- Measuring investment performance -- The risk element -- The investment analysis process illustrated -- Real estate as a security -- Appendices
520 _aDiscusses issues related to real estate investment analysis. Includes lists of recommended reading and a case problem at the end of each part. Also includes a student workbook CD-ROM.
590 _aIKA050906
651 4 _aUNITED STATES
690 _aPROPERTY-PROPERTY FINANCE AND INVESTMENT
700 1 _aGreer, Gaylon E.
942 _n0
999 _c105513
_d105513